000 00883cam a2200277 i 4500
001 19252
003 Mx-PuUPA
005 20250314121728.0
008 140415s1997 maua fr 000 0 spa d
020 _a1564961702
040 _aMx-PuUPA
_bspa
_cMx-PuUPA
_dMx-PuUPA
_erda
041 0 _aeng
100 1 _aJackson, Paul,
_eautor
245 1 0 _aPaper pop-ups /
_cPaul Jackson
264 1 _aRockport, Massachusetts :
_bRockport Publishers,
_c©1997
300 _a1 volumen (paginación varia) :
_bilustraciones ;
_c28 cm
336 _2rdacontent
_atexto
_btxt
336 _2rdacontent
_aimagen fija
_bsti
337 _2rdamedia
_asin medio
_bn
338 _2rdacarrier
_avolumen
_bnc
500 _a"Make it with paper". -- Cubierta
650 7 _2armarc
_aPapel
_xArtes gráficas
942 _2ddc
_cLI
_h676.282
_iJ12
999 _c19252
_d19252